The journal of political science

Detalles Bibliográficos
Formato: Electrónico Revista
Lenguaje:inglés
Publicado: Lahore, Pakistan : Department of Political Science, GC University
Materias:
Acceso en línea:Full text available from Research Library: 01/01/2007 to 01/31/2017

MARC

LEADER 00000nas a2200000 i 4500
001 ssj0001096954
003 WaSeSS
005 20200512172242.0
006 m d
007 cr n
008 131220u20uuuuuupk f| p|s|||||| |0eng d
035 |a (WaSeSS)ssj0001096954 
040 |a WaSeSS  |b eng  |c WaSeSS  |d WaSeSS 
043 |a a-pk--- 
050 1 4 |a JA84.P18 
245 0 4 |a The journal of political science  |h [electronic resource]. 
260 |a Lahore, Pakistan :  |b Department of Political Science, GC University 
310 |a Semiannual 
506 |a License restrictions may limit access. 
588 |a Description based on: Volume XXVI, Numbers 1 and 2 (2007/2008); title from article pdf (ProQuest, viewed Dec. 20, 2013). 
588 |a Latest issue consulted: Volume XXX (2012) (viewed Dec. 20, 2013). 
650 0 |a Political science  |z Pakistan  |v Periodicals. 
655 0 |a Electronic journals. 
776 0 8 |i Print version:  |t Journal of political science  |x 1726-6467 
856 4 0 |z Full text available from Research Library: 01/01/2007 to 01/31/2017  |u https://search.proquest.com/publication/616521